000 00877nam a2200265Ia 4500
005 20140903173626.0
008 130821s2006 ck a gr spa
020 _a9789588293202
040 _aCo-BoUCM
_bspa
041 0 0 _aspa
100 1 _aNeira, Diana
245 1 0 _aManual imagen de hombre
_cDiana Neira
260 _aBogotá (Colombia)
_bVillegas Editores
_c2006
300 _a453 páginas
_bilustraciones
490 0 _aColección Dorada.
_aInterés General
650 0 4 _aEtiqueta para hombres
_915275
650 0 4 _aExpresión corporal
_915468
650 0 4 _aFolclor
_97632
650 0 4 _aHombres
_xSalud e higiene
_916990
650 0 4 _aImagen corporal
_917173
650 0 4 _aPrendas de vestir para hombres
_922203
830 _aBibliografía Básica Medio Universitario.
942 _cLIBRO
_a17
_e1
_mN415
_2DEWEY
_h646.7044
999 _c52386
_d52386